| 000 | 00370nam a2200145Ia 4500 | ||
|---|---|---|---|
| 005 | 20250729165737.0 | ||
| 008 | 250729s2002 xx 000 0 und d | ||
| 041 | _aeng | ||
| 082 | _a420.25 ROGG | ||
| 100 |
_aRoger Gower _9231913 |
||
| 245 | _aGrammar in Practice - I | ||
| 260 |
_aNoida _bCambridge Universiy Press _c2002 |
||
| 300 | _a70p | ||
| 650 |
_aEnglish _9231914 |
||
| 999 |
_c239520 _d239520 |
||